000
00303nam a2200121Ia 4500
008
250327s9999 xx 000 0 und d
020
_a
9781446208625
082
_b
CLO
_a
CQR
100
_a
PETER CLOUGH & CATHY NUTBROWN
_9
34556
245
0
_a
A STUDENT'S GUIDE TO METHODOLOGY
260
_b
SAGE
942
_c
BK
999
_c
7356
_d
7356